000 00523nam a2200181Ia 4500
999 _c8390
_d8390
003 OSt
005 20201012095544.0
008 190216s9999||||xx |||||||||||||| ||und||
040 _coclc
082 _a621.38153
_bMAN/D
100 _aMano, M Morris
_95452
245 0 _aDigital Logic And Computer Design /
_cM Morris Mano
250 _a1st Ed.
260 _bPrentice Hall India,
_c1993.
_aNew Delhi:
300 _a612p
650 _aComputer
942 _cBK
_2ddc
_h621.38153
_iMAN/D
_k621.38153
_mMAN/D